| 000 | 00560nam a22002297a 4500 | ||
|---|---|---|---|
| 001 | 0074 | ||
| 003 | DO-SdBNP | ||
| 005 | 20180118083226.0 | ||
| 007 | 0074 | ||
| 008 | 160309b 19--? xxu||||| |||| 00| 0 spa d | ||
| 040 |
_aBPMSU _bspa _cBPMSU |
||
| 092 |
_axxxxxxxxx _bxxxxxxxxx |
||
| 100 | 1 | 0 | _aBeecher Stowe, H. |
| 245 | 1 | 3 |
_aLa cabaña del tio tom / _cH. Beecher Stowe |
| 260 |
_as.l _bs.n. _cs.f. |
||
| 300 |
_a62 p. : _c21 cm. |
||
| 490 | 0 | 0 | _aAmable |
| 830 | 1 | 0 | _aAmable |
| 942 |
_2ddc _cBK |
||
| 945 | _ainventariado, 2018 | ||
| 956 | _aBrenda Tavárez | ||
| 999 |
_c9164 _d9164 |
||